000 00806nam a2200205Ii 4500
003 JO-AjNU
008 230605s9999||||xx |||||||||||||| ||und||
040 _aJO-AjNU
_bara
_erda
_cJO-AjNU
041 _aara
050 1 4 _aPJ7692.S73532 1982
100 3 _aتأليف ستاينبيك،جون ؛ نقلها إلى العربية منير البعلبكي,
_eauthor
_97183
245 0 0 _aشارع السردين المعلب للقاضي الأمريكي الكبير جون شتاينبيك
250 _aط2
264 3 1 _aبيروت:دار العلم للملايين،1982
300 _a274ص
336 _atext
_btxt
_2rdacontent
337 _aunmediated
_bn
_2rdamedia
338 _avolume
_bnc
_2rdacarrier
650 4 _a القصة الإنجليزية - تاريخ ونقد - قصص مترجمة
_97184
999 _aA150
_c3718
_d3718